000 00280nam a2200121 a 4500
008 130429s1979|||| d
100 1 _aLichnerová, A.
245 1 0 _aHladkovaná výšivka
260 _bPráca
_aBratislava
_c1979
041 _aslo
044 _axo
_cSK
020 _c0
999 _c20247
_d20247